LEADER 00910nam0-2200313---450- 001 990010032630403321 005 20160127114730.0 035 $a001003263 035 $aFED01001003263 035 $a(Aleph)001003263FED01 035 $a001003263 100 $a20160127d2015----km-y0itay50------ba 101 0 $aeng 102 $aGB 105 $a--------001yy 200 1 $aEquiwelfare and social innovation$ean European perspective$fedited by Giovanni Bertin and Stefano Campostrini 210 $aMilano$cFrancoAngeli$d2015 215 $a190 p.$d20 cm 225 1 $aSociologia, cambiamento e politica sociale$v41 610 0 $aStato sociale$aEuropa 676 $a361.65$v22$zita 700 1$aBertin,$bGiovanni 701 1$aCampostrini,$bStefano 801 0$aIT$bUNINA$gRICA$2UNIMARC 901 $aBK 912 $a990010032630403321 952 $a361.65 BER 2$b2037$fBFS 959 $aBFS 997 $aUNINA LEADER 00753nam0-22002891i-450- 001 990000064250403321 035 $a000006425 035 $aFED01000006425 035 $a(Aleph)000006425FED01 035 $a000006425 100 $a20011111d--------km-y0itay50------ba 101 0 $aita 105 $ay-------001yy 200 1 $a<>filatore di cotone$fCarlo Carminati. 210 $aMilano$cU. Hoepli$d1927 215 $aXI, 351 p., 8 tav.$cill.$d23 cm 610 0 $aFilatura 610 0 $aCotone (Fibra)$aFilatura 676 $a677.21 700 1$aCarminati,$bCarlo 801 0$aIT$bUNINA$gRICA$2UNIMARC 901 $aBK 912 $a990000064250403321 952 $a13 L 22 19$b7901$fFINBC 959 $aFINBC 997 $aUNINA DB $aING01